[Event "ch-PER"]
[Site "Lima PER"]
[Date "2002.10.10"]
[Round "13"]
[White "Soto,Jo"]
[Black "Garcia,Ja"]
[Result "0-1"]
[WhiteElo "2412"]
[BlackElo "2297"]

1.e4 c5 2.Nf3 d6 3.Bb5+ Bd7 4.a4 Nf6 5.Qe2 Nc6 6.O-O e5 7.c3 Be7 8.d3 O-O
9.Bg5 h6 10.Bh4 Nh7 11.Bg3 f5 12.exf5 Bxf5 13.Nbd2 Nf6 14.Rfe1 Kh8 15.h3 Rc8
16.Nc4 Bh7 17.Bh2 Nd5 18.Ne3 Nxe3 19.Qxe3 Bf6 20.Rad1 a6 21.Bc4 d5 22.Ba2 d4
23.Qc1 Re8 24.Qc2 Bg6 25.Nd2 dxc3 26.bxc3 Qxd3 27.Qb2 Qc2 28.Qa3 e4 29.Nb1 e3
30.fxe3 Rxe3 31.Bb3 Qe4 32.Bg3 Rxe1+ 33.Rxe1 Qd3 34.Bf2 c4 35.Rd1 Qe2 36.Re1 Qd3
37.Rd1 Qf5 38.Bxc4 Be7 39.Qa2 Bc5 40.Bd5 Bxf2+ 41.Qxf2 Qxf2+ 42.Kxf2 Bc2
43.Re1 Bxa4 44.Na3 Rd8 45.c4 Nb4 46.Re7 Nxd5 47.cxd5 Rxd5 48.Rxb7 Rd2+ 49.Kf1 Ra2
50.Rb8+ Kh7 51.Nb1 Bb5+  0-1

[Event "TCh-AUT B"]
[Site "Mitte AUT"]
[Date "2002.10.11"]
[Round "1"]
[White "Tkaczuk,R"]
[Black "Hager,H"]
[Result "1-0"]
[WhiteElo "2273"]
[BlackElo "2142"]

1.e4 c5 2.Nf3 d6 3.Bb5+ Nd7 4.O-O Nf6 5.Re1 g6 6.c3 Bg7 7.d4 O-O 8.h3 h6
9.e5 Ne8 10.Nbd2 cxd4 11.cxd4 dxe5 12.dxe5 Nc7 13.Bf1 b6 14.b4 Nxe5 15.Nxe5 Bxe5
16.Rxe5 Qd4 17.Rxe7 Nd5 18.Re4 Qxa1 19.Nb3 Qxa2 20.Qxd5 Bf5 21.Re2 Bc2 22.Bxh6 Qxb3
23.Qd4 f6 24.Re7 Rac8 25.Qd7 g5 26.Rg7+ Kh8 27.Rh7+  1-0

[Event "TCh-AUT B"]
[Site "Mitte AUT"]
[Date "2002.10.11"]
[Round "1"]
[White "Ramusch,A"]
[Black "Genser,H"]
[Result "0-1"]
[WhiteElo "2055"]
[BlackElo "2268"]

1.e4 c5 2.Nf3 d6 3.Bb5+ Nd7 4.O-O a6 5.Bxd7+ Bxd7 6.d4 cxd4 7.Qxd4 Nf6 8.Bg5 Bc6
9.Bxf6 gxf6 10.c4 e6 11.Nc3 Be7 12.Nd2 Qa5 13.a3 Qc5 14.Qd3 Rg8 15.Kh1 Qg5
16.Rg1 f5 17.Rae1 Qg6 18.f3 fxe4 19.Ndxe4 Rd8 20.Qe2 Qf5 21.Rd1 Rg6 22.Rd2 Rh6
23.Rgd1 Kf8 24.b4 Qe5 25.h3 f5 26.Qe3 Rg6 27.f4 Qg7 28.b5 axb5 29.cxb5 Bxe4
30.Nxe4 fxe4 31.Qxe4 d5 32.Qf3 Rc8 33.f5 Rf6 34.g4 h5 35.Re2 hxg4 36.hxg4 Rc3
37.Qf4 Rh6+ 38.Kg2 e5 39.Qa4 Rc4 40.Qa8+ Kf7  0-1

[Event "TCh-AUT B"]
[Site "Mitte AUT"]
[Date "2002.10.11"]
[Round "9"]
[White "Haba,P"]
[Black "Mohr,G"]
[Result "1-0"]
[WhiteElo "2534"]
[BlackElo "2488"]

1.e4 c5 2.Nf3 d6 3.Bb5+ Bd7 4.Bxd7+ Qxd7 5.c4 Nc6 6.d4 cxd4 7.Nxd4 Nf6 8.f3 g6
9.Be3 Bg7 10.Nc3 O-O 11.O-O Rac8 12.b3 a6 13.Rc1 e6 14.Nde2 Qe7 15.Qd2 Ne8
16.Rfe1 Ne5 17.Rcd1 Qc7 18.Kh1 Qa5 19.Nb1 Qxd2 20.Rxd2 Bf6 21.Bh6 Bg7 22.Be3 Bf6
23.Bh6 Bg7 24.Bxg7 Kxg7 25.Nbc3 Kf6 26.Red1 Ke7 27.Kg1 f5 28.f4 Nf7 29.exf5 gxf5
30.Nd4 Nd8 31.Re2 Kf7 32.Rd3 Nf6 33.Nf3 Ke7 34.Nd5+ Nxd5 35.cxd5 Kd7 36.Rde3 h6
37.dxe6+ Ke7 38.Nd4 Nc6 39.Nxc6+ Rxc6 40.Rg3 d5 41.Rg7+ Kf6 42.Rxb7 Rd6 43.Rh7  1-0

[Event "TCh-CZE 2002-3"]
[Site "Czech Rep CZE"]
[Date "2002.10.12"]
[Round "1"]
[White "Novosak,J"]
[Black "Krupkova,P"]
[Result "1/2-1/2"]
[WhiteElo "2305"]
[BlackElo "2301"]

1.e4 c5 2.Nf3 d6 3.Bb5+ Bd7 4.Bxd7+ Qxd7 5.c4 Nc6 6.d4 cxd4 7.Nxd4 Nxd4 8.Qxd4 Nf6
9.Nc3 e6 10.O-O Be7 11.b3 O-O 12.Bb2 Rfd8 13.Rad1 Qc6 14.Kh1 a6 15.a4 Qc5
16.Qxc5 dxc5 17.e5 Ng4 18.Ne4 b6 19.h3 Nh6 20.g4 Kf8 21.Kg2 a5 22.f4 Rxd1
23.Rxd1 Rd8 24.Rxd8+ Bxd8 25.Kf3 g6 26.Bc3 Ng8 27.Be1 Kg7 28.Nd6 h5 29.Ke4 hxg4
30.hxg4 Nh6 31.Kf3 Kf8 32.Bd2 Ng8 33.f5 gxf5 34.gxf5 Bc7 35.Ke4 exf5+ 36.Nxf5 Ne7
37.Nxe7 Kxe7 38.Kf5 Kd7 39.Bg5 Bb8 40.Bh4 Bc7 41.Bg5 Bb8 42.Kf6 Bc7 43.Bh6 Ke8
44.e6 fxe6 45.Kxe6 Kd8 46.Bf8 Kc8 47.Bd6 Bd8  1/2-1/2

[Event "TCh-AUT B"]
[Site "Mitte AUT"]
[Date "2002.10.12"]
[Round "2"]
[White "Zupe,M"]
[Black "Ruck,R"]
[Result "0-1"]
[WhiteElo "2378"]
[BlackElo "2572"]

1.e4 c5 2.Nf3 d6 3.Bb5+ Nd7 4.c3 Nf6 5.d3 a6 6.Ba4 g6 7.O-O Bg7 8.Re1 b5
9.Bc2 O-O 10.Nbd2 Bb7 11.Nf1 e5 12.Ng3 d5 13.h3 Qc7 14.Qe2 Rfe8 15.Bd2 c4
16.dxc4 bxc4 17.b3 Nc5 18.bxc4 Nfxe4 19.cxd5 Nxg3 20.fxg3 e4 21.g4 exf3 22.Qxe8+ Rxe8
23.Rxe8+ Bf8 24.Bh6 Nd7  0-1

[Event "1st Milk Masters"]
[Site "Selfoss ISL"]
[Date "2002.10.12"]
[Round "5"]
[White "Oral,T"]
[Black "Stefansson,H"]
[Result "1/2-1/2"]
[WhiteElo "2546"]
[BlackElo "2566"]

1.e4 c5 2.Nf3 d6 3.Bb5+ Nc6 4.Bxc6+ bxc6 5.O-O Bg4 6.d3 Nf6 7.Nbd2 e5 8.h3 Bh5
9.c3 Be7 10.Qa4 Qc7 11.Re1 O-O 12.d4 exd4 13.cxd4 Nd7 14.b3 a5 15.Qc4 Rfe8
16.dxc5 Nxc5 17.Ba3 Ne6 18.Bb2 Qb7 19.Rac1 Rec8 20.Nd4 Nxd4 21.Bxd4 d5 22.exd5 cxd5
23.Qd3 Bg6 24.Qe3 Rxc1 25.Rxc1 Ba3 26.Re1 Qc6 27.Nb1 Bb4 28.Rc1 Qe6 29.Nc3 Rc8
30.Na4 Rxc1+ 31.Qxc1 h6 32.Bc3 Qe4 33.Bxb4 Qxb4 34.Qc3 Bb1 35.Qxb4 axb4 36.Nb6 Bxa2  1/2-1/2

[Event "FIDE World Cup Gp B"]
[Site "Hyderabad IND"]
[Date "2002.10.13"]
[Round "4"]
[White "Rublevsky,S"]
[Black "Yermolinsky,A"]
[Result "1/2-1/2"]
[WhiteElo "2664"]
[BlackElo "2575"]

1.e4 c5 2.Nf3 d6 3.Bb5+ Nd7 4.d4 Nf6 5.O-O cxd4 6.Qxd4 g6 7.e5 dxe5 8.Nxe5 Bg7
9.Rd1 O-O 10.Nc3 Qb6 11.Nxd7 Nxd7 12.Qb4 a6 13.Be3 Bxc3 14.Bxb6 Bxb4 15.Bxd7 Bd6
16.Bxc8 Rfxc8 17.c3  1/2-1/2

[Event "1st Milk Masters"]
[Site "Selfoss ISL"]
[Date "2002.10.13"]
[Round "6"]
[White "Oral,T"]
[Black "Thorfinnsson,Br"]
[Result "1/2-1/2"]
[WhiteElo "2546"]
[BlackElo "2357"]

1.e4 c5 2.Nf3 d6 3.Bb5+ Bd7 4.Bxd7+ Nxd7 5.O-O Ngf6 6.Qe2 e6 7.c4 Be7 8.d4 cxd4
9.Nxd4 a6 10.b3 O-O 11.Bb2 Qa5 12.f4 Rfc8 13.Nd2 Qh5 14.Rf3 b5 15.Re1 bxc4
16.Nxc4 d5 17.exd5 exd5 18.Ne3 Bb4 19.Rd1 Re8 20.Qf1 Bc5 21.Rh3 Qg6 22.Rg3 Qxg3
23.hxg3 Rxe3 24.b4 Bb6 25.Kh2 Rae8 26.Kh3 h5 27.Nf3 Re2 28.Bxf6 Nxf6 29.Re1 Rxe1
30.Nxe1 Ng4 31.Nf3 Nf2+ 32.Kh2 Ng4+ 33.Kh3 Nf2+ 34.Kh2  1/2-1/2

[Event "TCh-FIN 2002-3"]
[Site "Finland FIN"]
[Date "2002.10.19"]
[Round "2"]
[White "Tiitta,S"]
[Black "Mertanen,J"]
[Result "1-0"]
[WhiteElo "2256"]
[BlackElo "2241"]

1.e4 c5 2.Nf3 d6 3.Bb5+ Bd7 4.Bxd7+ Qxd7 5.O-O Nc6 6.c3 Nf6 7.d4 Nxe4 8.d5 Ne5
9.Nxe5 dxe5 10.Re1 Nf6 11.Rxe5 O-O-O 12.c4 e6 13.Nc3 Bd6 14.Re1 Rhe8 15.Bg5 h6
16.Bxf6 gxf6 17.Ne4 Be5 18.Qb3 Qc7 19.h3 Bd4 20.Qf3 f5 21.Nc3 a6 22.Re2 Qd7
23.dxe6 fxe6 24.Rae1 e5 25.Nd5 Qe6 26.b4 e4 27.bxc5 Bxc5 28.Qc3 Qe5 29.Qa5 Bd6
30.g3 Bc7 31.Qc5 Qd6 32.Qa7 Bb8 33.Qd4 Re6 34.Rb2 Rg8 35.Kf1 Qc6 36.Nb6+ Kc7
37.Na8+ Kc8 38.Rb6 Qd7 39.Qc5+ Rc6 40.Rxc6+ Qxc6 41.Qxf5+  1-0

[Event "Bundesliga 2002-3"]
[Site "Forchheim GER"]
[Date "2002.10.19"]
[Round "7"]
[White "Heidrich,M"]
[Black "Boensch,U"]
[Result "0-1"]
[WhiteElo "2415"]
[BlackElo "2540"]

1.e4 c5 2.Nf3 d6 3.Bb5+ Bd7 4.Bxd7+ Qxd7 5.c4 e5 6.Nc3 Nc6 7.d3 Nge7 8.Nd5 Ng6
9.Bd2 Be7 10.O-O O-O 11.b4 f5 12.bxc5 dxc5 13.exf5 Rxf5 14.Be3 Nb4 15.Nxb4 cxb4
16.Qe2 b6 17.Rfd1 Raf8 18.Nd2 Bc5 19.Ne4 Bd4 20.Rab1 Nf4 21.Bxf4 exf4 22.Rxb4 f3
23.gxf3 Rxf3 24.Rf1 a6 25.Kh1 Qc6 26.c5 bxc5 27.Qc2 Qh6 28.Qb3+ Kh8 29.Rb6 Qh3
30.Rg1 c4 31.Qb4 Bxb6 32.Qxb6 Rxd3 33.Ng5 Qf5  0-1

[Event "Bundesliga 2002-3"]
[Site "Erfurt GER"]
[Date "2002.10.20"]
[Round "2"]
[White "Kindermann,S"]
[Black "Tischbierek,R"]
[Result "0-1"]
[WhiteElo "2519"]
[BlackElo "2523"]

1.e4 c5 2.Nf3 d6 3.Bb5+ Nd7 4.d4 Nf6 5.Nc3 cxd4 6.Qxd4 g6 7.Bg5 Bg7 8.O-O-O O-O
9.e5 dxe5 10.Nxe5 Qa5 11.Nc4 Qc7 12.Rhe1 Qxh2 13.Rxe7 Nh5 14.Qh4 Qxh4 15.Bxh4 Nc5
16.Nd5 Bh6+ 17.Nce3 Bg4 18.Rd4 Be6 19.Rc7 b6 20.Bc6 Bxd5 21.Bxd5 Ne6 22.Bxe6 fxe6
23.Kd1 Bf4 24.Rb7 g5 25.Rdd7 Rad8 26.g4 Nf6  0-1

[Event "Before Thunder Storm"]
[Site "Tel Aviv ISR"]
[Date "2002.10.21"]
[Round "2"]
[White "Chernomordik,P"]
[Black "Gershkowich,D"]
[Result "1-0"]
[WhiteElo "2305"]
[BlackElo "2216"]

1.e4 c5 2.Nf3 d6 3.Bb5+ Bd7 4.Bxd7+ Nxd7 5.O-O Ngf6 6.Re1 e6 7.c4 Be7 8.d4 cxd4
9.Nxd4 O-O 10.Nc3 Qc7 11.b3 a6 12.Bb2 Rfd8 13.Rc1 Rac8 14.Qe2 Qb8 15.Kh1 Ne5
16.f4 Ng6 17.f5 exf5 18.Nxf5 Re8 19.Rf1 Bd8 20.Rcd1 Re6 21.Ba3 Bc7 22.Qf3 Rce8
23.Nd5 Nxd5 24.exd5 Ne5 25.Qc3 Rg6 26.c5 dxc5 27.Bxc5 Bd8 28.Rde1 f6 29.Bd6 Qa8
30.Bxe5 fxe5 31.Rxe5 Rf8 32.Ree1 b5 33.Qxg7+ Rxg7 34.Nh6+  1-0

[Event "Guernsey Open"]
[Site "Les Dicqs GCI"]
[Date "2002.10.25"]
[Round "6"]
[White "Wismayer,C"]
[Black "Van Voorthuijsen,PW"]
[Result "1/2-1/2"]
[WhiteElo "2088"]
[BlackElo "2304"]

1.e4 c5 2.Nf3 d6 3.Bb5+ Bd7 4.Bxd7+ Nxd7 5.O-O Ngf6 6.Qe2 e6 7.c3 Be7 8.d4 O-O
9.Rd1 Qc7 10.e5 Ne8 11.Na3 cxd4 12.exd6 Nxd6 13.Bf4 Rfd8 14.Rxd4 Nf6 15.Rad1 Qc6
16.Bxd6 Rxd6 17.Ne5 Qa6 18.Qc4 Rxd4 19.Rxd4  1/2-1/2

[Event "10th Chigorin Mem"]
[Site "St Petersburg RUS"]
[Date "2002.10.25"]
[Round "1"]
[White "Ovetchkin,R"]
[Black "Andreev,Ed"]
[Result "0-1"]
[WhiteElo "2573"]
[BlackElo "2466"]

1.e4 c5 2.Nf3 d6 3.Bb5+ Bd7 4.Bxd7+ Qxd7 5.O-O Nc6 6.Qe2 g6 7.c3 Bg7 8.d4 cxd4
9.cxd4 Nxd4 10.Nxd4 Bxd4 11.Rd1 Bg7 12.Nc3 Nh6 13.e5 O-O 14.Nd5 Kh8 15.Bf4 Ng8
16.exd6 exd6 17.Ne3 Rfe8 18.Bxd6 Qe6 19.Qb5 b6 20.a4 Nf6 21.Ba3 Ne4 22.Nd5 Rac8
23.Nf4 Qg4 24.Nh3 Nc5 25.a5 Re6 26.axb6 axb6 27.Rac1 Rce8 28.Rf1 Re2 29.b4 Nb3
30.Rc4 Nd4 31.Qd5 Re1 32.f3  0-1

[Event "Guernsey Open"]
[Site "Les Dicqs GCI"]
[Date "2002.10.26"]
[Round "7"]
[White "Wilson,A"]
[Black "De Kruif,K"]
[Result "1-0"]
[WhiteElo "2029"]
[BlackElo "2148"]

1.e4 c5 2.Nf3 d6 3.Bb5+ Bd7 4.Bxd7+ Nxd7 5.O-O Ngf6 6.Re1 e6 7.c3 Be7 8.d4 O-O
9.Bg5 cxd4 10.cxd4 Rc8 11.Nc3 Nb6 12.Rc1 h6 13.Bh4 Nh5 14.Bxe7 Qxe7 15.g3 Nf6
16.b3 Rc7 17.Qd2 Rfc8 18.Nh4 Qd7 19.f3 a6 20.Ng2 Na8 21.Nf4 b5 22.d5 e5 23.Nd3 Nb6
24.Nb4 a5 25.Nc6 b4 26.Nb5 Rb7 27.Nxa5 Rbb8 28.Nc6 Rb7 29.Qxb4 Ne8 30.a4 Ra8
31.Rc2 f5 32.Rec1 fxe4 33.fxe4 Qg4 34.Nxd6 Nxd6 35.Qxd6 Qxe4 36.Qxe5 Qxd5
37.Qxd5+ Nxd5 38.Nd4 Kh7 39.Nb5 Rf8 40.Rc5 Nb4 41.Rc7 Rb6 42.Rd7 Na6 43.Rd6 Rxd6
44.Nxd6 Nb4 45.a5 Nd5 46.Nc4 Rf3 47.Nd2 Rf7 48.Rc5 Ne3 49.Rc3 Nd5 50.Rd3 Nb4
51.Rd4 Nc2 52.Rd6 Ne3 53.a6 Re7 54.b4 Nf5  1-0

[Event "Olympiad w"]
[Site "Bled SLO"]
[Date "2002.10.27"]
[Round "2"]
[White "Radziewicz,I"]
[Black "Pina,S"]
[Result "1-0"]
[WhiteElo "2421"]
[BlackElo "2316"]

1.e4 c5 2.Nf3 d6 3.Bb5+ Nd7 4.O-O Nf6 5.d4 cxd4 6.Qxd4 a6 7.Bxd7+ Bxd7 8.Bg5 Rc8
9.Nc3 e6 10.e5 dxe5 11.Nxe5 Bc6 12.Qxd8+ Rxd8 13.Rfd1 Rc8 14.Nxc6 Rxc6 15.Bxf6 gxf6
16.Rd3 Rd6 17.Rad1 Rxd3 18.Rxd3 f5 19.a4 Bg7 20.Nd1 Ke7 21.Rb3 Rb8 22.a5 Kd7
23.Kf1 Kc7 24.Rg3 Bf6 25.Rh3 Rh8 26.Rh5 h6 27.b3 Rd8 28.Ke2 Bg7 29.Ne3 Rd4
30.Rh3 Kc6 31.Rg3 Be5 32.Rg8 Bc7 33.Rg7 Bxa5 34.Rxf7 Rd2+ 35.Kf3 Bc7 36.g3 Bb6
37.Rf6 Kd7 38.Rf7+ Kc6 39.Re7 Bxe3 40.Rxe6+ Kd5 41.Kxe3 Rxc2 42.Rb6 f4+ 43.Kf3 fxg3
44.hxg3 Rc7 45.Kg4 Rh7 46.f4 Kc5 47.Re6 a5 48.f5 Kd5 49.Re8 Rg7+ 50.Kf4 h5
51.f6 Rg4+ 52.Kf5 Rxg3 53.Rd8+ Kc5 54.f7 Rf3+ 55.Ke6 Rxf7 56.Kxf7 Kb4 57.Rb8 Kxb3
58.Rxb7+ Kc4 59.Ra7 Kb4 60.Ke6 a4 61.Kd5 a3 62.Kd4 Kb3 63.Kd3 Kb2 64.Rb7+ Kc1
65.Rc7+ Kb2 66.Rc2+ Kb3 67.Rc6 Kb2 68.Kd2 a2 69.Rb6+ Ka3 70.Kc2 a1=N+ 71.Kc3 Ka2
72.Rh6 Kb1 73.Rg6 Ka2 74.Rh6 h4 75.Rxh4 Ka3 76.Kc4 Ka4 77.Kd3+ Kb5 78.Rh3 Nc2
79.Rh6  1-0

[Event "10th Chigorin Mem B"]
[Site "St Petersburg RUS"]
[Date "2002.10.27"]
[Round "3"]
[White "Lazhevsky,G"]
[Black "Pavlov,Al"]
[Result "1-0"]
[WhiteElo "2201"]
[BlackElo "2301"]

1.e4 c5 2.Nf3 d6 3.Bb5+ Nd7 4.d4 a6 5.Bxd7+ Bxd7 6.dxc5 dxc5 7.Nc3 Bg4 8.Bf4 Qa5
9.O-O e6 10.Re1 Ne7 11.h3 Rd8 12.Nd5 Nxd5 13.exd5 Bh5 14.g4 Bg6 15.c4 Be7
16.Qe2 O-O 17.dxe6 Rfe8 18.Ne5 Bf6 19.Nxg6 Rxe6 20.Ne5 g5 21.Bg3 Rde8 22.Qe3 h6
23.Qf3 b5 24.Qd5 bxc4 25.Re3 Rd8 26.Nd7 Rxe3 27.fxe3 Bg7 28.Rf1 Kh8 29.Qxf7  1-0

[Event "Olympiad w"]
[Site "Bled SLO"]
[Date "2002.10.28"]
[Round "3"]
[White "Klinova,M"]
[Black "Radziewicz,I"]
[Result "1/2-1/2"]
[WhiteElo "2374"]
[BlackElo "2421"]

1.e4 c5 2.Nf3 d6 3.Bb5+ Nc6 4.Bxc6+ bxc6 5.O-O e5 6.c3 f5 7.exf5 Bxf5 8.d4 cxd4
9.cxd4 e4 10.Nfd2 d5 11.f3 e3 12.Re1 Bd6 13.Nf1 Ne7 14.Nc3 O-O 15.Bxe3 Ng6
16.a3 Qf6 17.Qd2 h6 18.Na4 Rad8 19.b4 Bc8 20.Nc5 Nh4 21.Qf2 Nf5 22.Nd3 Rde8
23.Ne5 Nxe3 24.Rxe3 a5 25.Nxc6 axb4 26.axb4 Bb7 27.Rxe8 Rxe8 28.b5 Bxc6 29.bxc6 Bc5
30.Rd1 Bb6 31.Ng3 Rc8 32.Qe3 Rxc6  1/2-1/2

[Event "Olympiad"]
[Site "Bled SLO"]
[Date "2002.10.28"]
[Round "3"]
[White "Belkhodja,S"]
[Black "Wong Zi Jing"]
[Result "1/2-1/2"]
[WhiteElo "2497"]
[BlackElo "2297"]

1.e4 c5 2.Nf3 d6 3.Bb5+ Bd7 4.Bxd7+ Qxd7 5.c4 g6 6.d4 cxd4 7.Nxd4 Bg7 8.Nc3 Nc6
9.Nde2 Nf6 10.f3 O-O 11.Be3 Rfc8 12.O-O Qd8 13.Qd2 a6 14.Rac1 Qa5 15.Rfd1 b5
16.Nd5 Nxd5 17.cxd5 Qxd2 18.Rxd2 Nb4 19.b3 Rxc1+ 20.Nxc1 Rc8 21.Ne2 Bc3 22.Nxc3 Rxc3
23.Kf2 Nd3+ 24.Ke2 Nc1+ 25.Kf2 Nd3+ 26.Kf1 f5 27.Bd4 Rc1+ 28.Ke2 Nc5 29.e5 dxe5
30.Bxe5 Kf7 31.d6 exd6 32.Bxd6 Ke6 33.h4 Nd7 34.Bf4 Rc6 35.Kf2 Nf6 36.Re2+ Kf7
37.Bg5 Nd5 38.Kg3 Rc7 39.Re5 Nb4 40.a3 Nc2 41.a4 Nd4 42.axb5 Nxb5 43.Be3 Rb7
44.Bc5 Nc3 45.Bd4 Rxb3 46.Kh2 Nb5 47.Bb6 Rd3 48.Rc5 Rc3 49.Rd5 Rc6 50.Ba5 Rd6
51.Rc5 Ke6 52.Rc8 Kd5 53.Kg3 Nd4 54.Rh8 h5 55.Bb4 Re6 56.Kf4 Rb6 57.Ba5 Ne6+
58.Kg3 Rc6 59.Rg8 f4+ 60.Kh2 Nd4 61.Bd2 Rf6 62.Bc3 Kc4 63.Ba1 Re6 64.Rc8+ Rc6
65.Rf8 Nf5 66.Be5 Kd5 67.Bxf4 Nxh4 68.Bg5 Nf5 69.Ra8 Kc4 70.g4 hxg4 71.fxg4 Nd4
72.Kg3 Re6 73.Bh6 Kb5 74.Bg7 Nc6 75.Kh4 a5 76.Kg5 a4 77.Bf6 Ne5 78.Bxe5 Rxe5+
79.Kxg6 Kb4 80.g5 Ra5 81.Rxa5 Kxa5 82.Kf7 a3 83.g6 a2 84.g7 a1=Q 85.g8=Q Qa2+
86.Kg7 Qxg8+ 87.Kxg8  1/2-1/2

[Event "Olympiad"]
[Site "Bled SLO"]
[Date "2002.10.28"]
[Round "3"]
[White "Rayner,F"]
[Black "Kupreichik,V"]
[Result "1/2-1/2"]
[WhiteElo "2219"]
[BlackElo "2485"]

1.e4 c5 2.Nf3 d6 3.Bb5+ Nd7 4.d4 Nf6 5.Nc3 a6 6.Bxd7+ Nxd7 7.O-O e6 8.dxc5 Nxc5
9.Bg5 f6 10.Be3 Be7 11.Nd4 Qd7 12.a4 e5 13.Nf5 Kf7 14.Nxe7 Qxe7 15.b4 Ne6
16.Nd5 Qf8 17.Qh5+ g6 18.Qe2 g5 19.Nb6 Rb8 20.Qc4 Kg6 21.Rfd1 Qe7 22.Qd3 Rd8
23.Nc4 Nf4 24.Bxf4 gxf4 25.Nxd6 Be6 26.Nf5 Qxb4 27.Qh3 Bxf5 28.Qxf5+ Kg7
29.Rd7+ Rxd7 30.Qxd7+ Kh8 31.Qf5 Qd6 32.g3 Rd8 33.Rb1 b6 34.Rb3 fxg3 35.hxg3 Kg7
36.Rd3 Qe7 37.Rd5  1/2-1/2

[Event "10th Chigorin Mem"]
[Site "St Petersburg RUS"]
[Date "2002.10.28"]
[Round "4"]
[White "Andreev,Ed"]
[Black "Miroshnichenko,E"]
[Result "1/2-1/2"]
[WhiteElo "2466"]
[BlackElo "2548"]

1.e4 c5 2.Nf3 d6 3.Bb5+ Nc6 4.O-O Bd7 5.Re1 Nf6 6.c3 a6 7.Bf1 Bg4 8.d3 e6
9.Nbd2 Be7 10.h3 Bh5 11.g4 Bg6 12.Nh4 Nd7 13.Ng2 e5 14.Nf3 h5  1/2-1/2

[Event "Olympiad"]
[Site "Bled SLO"]
[Date "2002.10.29"]
[Round "4"]
[White "Nezad,H"]
[Black "Kanep,M"]
[Result "0-1"]
[WhiteElo "2315"]
[BlackElo "2389"]

1.e4 c5 2.Nf3 d6 3.Bb5+ Nd7 4.c3 Nf6 5.Qe2 a6 6.Ba4 b5 7.Bc2 c4 8.b3 Qc7
9.Na3 cxb3 10.axb3 Bb7 11.O-O e5 12.Bb2 Be7 13.d4 O-O 14.Rac1 Rfe8 15.d5 Nh5
16.b4 f5 17.c4 Nf4 18.Qd1 bxc4 19.g3 c3 20.Bb1 fxe4 21.gxf4 exf3 22.Bxc3 Qd8
23.Qxf3 Nf6 24.Rfd1 e4 25.Qg3 Bf8 26.Nc4 Nxd5 27.Na5 Nxc3 28.Qxc3 Bc8 29.Ba2+ Kh8
30.Bf7 Bg4 31.Bxe8 Qxe8 32.Rd5 Rc8 33.Qe3 Rxc1+ 34.Qxc1 h6 35.Qe3 Bf3 36.Kf1 Qa4
37.Nb3 Qxb4 38.Ra5 Bd1 39.Rf5 d5 40.Qd4 Bxb3  0-1

[Event "Olympiad"]
[Site "Bled SLO"]
[Date "2002.10.30"]
[Round "5"]
[White "Vescovi,G"]
[Black "Lesiege,A"]
[Result "0-1"]
[WhiteElo "2614"]
[BlackElo "2531"]

1.e4 c5 2.Nf3 d6 3.Bb5+ Nd7 4.d4 Nf6 5.Nc3 cxd4 6.Qxd4 e5 7.Qd3 h6 8.Be3 Be7
9.Bc4 a6 10.a4 Qc7 11.O-O Nc5 12.Bxc5 Qxc5 13.Nd5 Nxd5 14.Bxd5 O-O 15.Qb3 Rb8
16.Ne1 Bd7 17.Nd3 Qd4 18.Rfd1 Bg4 19.Rd2 Bg5 20.c3 Qa7 21.Rc2 a5 22.h3 Bd7
23.Rd1 Kh8 24.Bxf7 b5 25.Be6 bxa4 26.Qd5 Bb5 27.c4 Qc7 28.c5 a3 29.bxa3 Ba4
30.Qa2 dxc5 31.Rxc5 Qd6 32.Bg4 Bxd1 33.Rd5 Bb3 34.Qxb3 Rxb3 35.Rxd6 Rd8 36.Rxd8+ Bxd8
37.Nxe5 Rb1+ 38.Kh2 Bc7 39.f4 g5 40.Bd7 gxf4 41.Nf3 Kg7 42.h4 h5 43.a4 Kf6
44.Be8 Ra1 45.Bb5 Ra3 46.Kh3 Ke7 47.Kh2 Bb6 48.Ne5 Bf2 49.g4 fxg3+ 50.Kg2 Ra2
51.Ng6+ Kf6 52.Nf4 Ke5 53.Nxh5 Be1+ 54.Kg1 g2  0-1

[Event "Olympiad"]
[Site "Bled SLO"]
[Date "2002.10.30"]
[Round "5"]
[White "Cuartas,J"]
[Black "Kovacevic,A"]
[Result "0-1"]
[WhiteElo "2435"]
[BlackElo "2546"]

1.e4 c5 2.Nf3 d6 3.Bb5+ Nd7 4.d4 Nf6 5.Nc3 a6 6.Bxd7+ Nxd7 7.O-O e6 8.Re1 Be7
9.Be3 O-O 10.Qd2 cxd4 11.Bxd4 b5 12.a4 bxa4 13.Rxa4 Bb7 14.Qe2 Rc8 15.Rd1 Qc7
16.Be3 Nb6 17.Ra2 Nc4 18.Bg5 f6 19.Bc1 Rfe8 20.Nd4 Bf8 21.Qg4 Qf7 22.Ra4 Rc7
23.f4 d5 24.exd5 exd5 25.Nce2 Bc5 26.Kf1 Rce7 27.Rxc4 dxc4 28.Nf5 Rxe2 29.Nh6+ Kf8
30.Be3 Bxe3 31.Nxf7 Rf2+ 32.Ke1 Rxf4 33.Qd7 Bf2+ 34.Kd2 Rd4+  0-1

[Event "Olympiad"]
[Site "Bled SLO"]
[Date "2002.10.31"]
[Round "6"]
[White "Vidarsson,J"]
[Black "Wahono,A"]
[Result "1-0"]
[WhiteElo "2392"]
[BlackElo "2386"]

1.e4 c5 2.Nf3 d6 3.Bb5+ Bd7 4.Bxd7+ Qxd7 5.c4 Nc6 6.O-O g6 7.d4 cxd4 8.Nxd4 Bg7
9.Be3 Nf6 10.f3 O-O 11.Nc3 Rfc8 12.Nde2 Qd8 13.Qd2 Rab8 14.Rab1 a6 15.a4 Ne5
16.b3 Nfd7 17.Kh1 b6 18.Rfd1 Nc5 19.h3 Ned7 20.Nd4 Qe8 21.Nd5 Ne6 22.Ne2 Ndc5
23.Nec3 Kh8 24.Bh6 Rb7 25.Bxg7+ Kxg7 26.f4 Nf8 27.f5 f6 28.Qd4 a5 29.g4 Nfd7
30.g5 Ne5 31.Rg1 Qd7 32.Rg3 Rf8 33.gxf6+ exf6 34.Nb5 g5 35.Rbg1 h6 36.h4 Rh8
37.Nf4 Qc6 38.Nh5+ Kf7 39.Nxd6+ Ke7 40.Nxb7 Qxb7 41.Nxf6 Kxf6 42.Qd6+ Kf7
43.Qxe5 Re8 44.Qd5+ Qxd5 45.exd5 Ne4 46.Rf3 Kf6 47.Kh2 Re5  1-0

[Event "Olympiad"]
[Site "Bled SLO"]
[Date "2002.10.31"]
[Round "6"]
[White "Al Tamimi,H"]
[Black "Pacheco,M"]
[Result "1/2-1/2"]
[WhiteElo "2169"]
[BlackElo "2284"]

1.e4 c5 2.Nf3 d6 3.Bb5+ Bd7 4.Bxd7+ Qxd7 5.c4 g6 6.Nc3 Bg7 7.d4 cxd4 8.Nxd4 Nf6
9.O-O O-O 10.f3 Rc8 11.b3 Nc6 12.Nde2 b6 13.Be3 Qb7 14.Qd2 a6 15.a4 Nd7 16.Rab1 Rd8
17.Bh6 Bh8 18.f4 Nc5 19.b4 Ne6 20.f5 Ned4 21.Nd5 Nxe2+ 22.Qxe2 Re8 23.h4 e6
24.fxg6 hxg6 25.Nf6+ Bxf6 26.Rxf6 Ne5 27.h5 Qc7 28.hxg6 fxg6 29.Rc1 Qh7 30.Bf4 Nd7
31.e5 dxe5 32.Bxe5 Nxf6 33.Bxf6 Qh5 34.Qd2 Ra7 35.Rc3 Qf5 36.Rf3 Qb1+ 37.Rf1 Qe4
38.Rf4 Qb1+ 39.Rf1 Qe4 40.Rf4 Qb1+ 41.Rf1 Qe4 42.Rf4  1/2-1/2

[Event "Olympiad"]
[Site "Bled SLO"]
[Date "2002.10.31"]
[Round "6"]
[White "Sanduleac,V"]
[Black "Tiviakov,S"]
[Result "1/2-1/2"]
[WhiteElo "2471"]
[BlackElo "2631"]

1.e4 c5 2.Nf3 d6 3.Bb5+ Nc6 4.d4 cxd4 5.Qxd4 Bd7 6.Bxc6 Bxc6 7.Nc3 Nf6 8.Bg5 e6
9.O-O-O Be7 10.Rhe1 O-O 11.Kb1 Qc7 12.Bxf6 Bxf6 13.Qxd6 Qb6 14.Qd2 Rad8 15.Qe3 Bxc3
16.Qxc3 Rxd1+ 17.Rxd1 Qxf2 18.Re1 Rd8 19.b3 h5 20.Kb2 a6 21.Qa5 Rc8 22.Qc3 f6
23.Qe3 Qxe3 24.Rxe3 e5 25.Kc1 Kf7 26.Kd2 Ke6 27.Re1 b5 28.a3 g5 29.Ke3 a5
30.Rc1 Ba8 31.Ne1 f5 32.exf5+ Kxf5 33.Rd1 Be4 34.Rc1 h4 35.Kd2 Bd5 36.Rd1 a4
37.bxa4 bxa4 38.Rb1 Rc4 39.Rb8 Rd4+ 40.Kc1 Re4 41.Kd2 Rd4+ 42.Kc1 Rf4 43.Kd1 Kg4
44.Rb5 Rd4+ 45.Kc1 Kf5 46.Rb8  1/2-1/2

[Event "Olympiad"]
[Site "Bled SLO"]
[Date "2002.11.01"]
[Round "7"]
[White "Godena,M"]
[Black "Dao Thien Hai"]
[Result "1/2-1/2"]
[WhiteElo "2506"]
[BlackElo "2547"]

1.e4 c5 2.Nf3 d6 3.Bb5+ Bd7 4.Bxd7+ Qxd7 5.O-O Nc6 6.c3 Nf6 7.d4 Nxe4 8.d5 Ne5
9.Re1 Nf6 10.Nxe5 dxe5 11.Rxe5 O-O-O 12.c4 e6 13.Nc3 Bd6 14.Re1 exd5 15.cxd5 h6
16.h3 g5 17.Qf3 Ne8 18.Ne4 f5 19.Nxc5 Bxc5 20.Qc3 Nc7 21.Qxc5 b6 22.Qa3 Nxd5
23.Bd2 Rhe8 24.Qa6+ Kb8 25.Rad1 Nc7 26.Rxe8 Rxe8 27.Qc4 Re4 28.Qc2 Rd4 29.Kf1 Kb7
30.b3 f4 31.Ke1 Qe6+ 32.Kf1 f3 33.Rc1 Rd7 34.Be3 Qd5 35.gxf3 Qxf3 36.Kg1 Qxh3
37.Qe4+ Kb8 38.a4 Qe6 39.Qxe6 Nxe6 40.Rc6 Re7 41.b4 Kb7 42.b5 Nc7 43.Rxh6 Re4
44.a5 bxa5 45.b6 axb6 46.Rxb6+ Kc8 47.Rg6 g4 48.Rd6 a4 49.Bb6 a3 50.Bxc7 Re1+
51.Kg2 Kxc7 52.Ra6 Ra1 53.Kg3 a2 54.Kg2  1/2-1/2

[Event "Olympiad"]
[Site "Bled SLO"]
[Date "2002.11.01"]
[Round "7"]
[White "Montes de Oca,A"]
[Black "Henao,R"]
[Result "1/2-1/2"]
[WhiteElo "2283"]
[BlackElo "2384"]

1.e4 c5 2.Nf3 d6 3.Bb5+ Bd7 4.Bxd7+ Qxd7 5.O-O Nc6 6.c3 Nf6 7.Re1 g6 8.d4 cxd4
9.cxd4 Bg7 10.Nc3 O-O 11.Bg5 h6 12.Bh4 Rfe8 13.e5 dxe5 14.dxe5 Qxd1 15.Raxd1 Nh5
16.g4 Nf4 17.Bg3 Ne6 18.Rd7 Nc5 19.Rd5 b6 20.Red1 Rad8  1/2-1/2

[Event "Olympiad"]
[Site "Bled SLO"]
[Date "2002.11.01"]
[Round "7"]
[White "Kallio,H"]
[Black "Kotsur,P"]
[Result "0-1"]
[WhiteElo "2471"]
[BlackElo "2579"]

1.e4 c5 2.Nf3 d6 3.Bb5+ Nd7 4.d4 Nf6 5.Nc3 a6 6.Bxd7+ Nxd7 7.O-O e6 8.Bg5 Qc7
9.d5 e5 10.a4 h6 11.Bh4 g6 12.Nd2 Bg7 13.Nc4 Nb6 14.Ne3 O-O 15.g4 Bd7 16.Qd3 Rae8
17.f3 Bc8 18.Ne2 Nd7 19.c4 Bf6 20.Bxf6 Nxf6 21.Ng3 Qe7 22.Kf2 Nh7 23.Rh1 Qh4
24.Ke2 Ng5 25.Qd2 Kh7 26.Raf1 Nh3 27.Qa5 Qg5 28.Re1 h5 29.gxh5 gxh5 30.Kd2 h4
31.Ne2 f5 32.Nc3 Qe7 33.Re2 f4 34.Nc2 Rg8 35.Ne1 Rg6 36.b4 cxb4 37.Qxb4 Qc7
38.a5 Bd7 39.Kd3 Rc8 40.Rb2 Rg7 41.Rf1 Be8 42.Nb1 Qd8 43.Nd2 Rgc7 44.Nc2 Qf6
45.Qb6 Qg6 46.Ne1 Kh8 47.Qa7 Bb5 48.cxb5 Rc3+ 49.Ke2 Re3+ 50.Kd1 Qg1 51.Nd3 Re1+
52.Rxe1 Qxa7 53.b6 Qb8 54.Re2 Rc3 55.Nb4 Qg8 56.Rb3 Rc5 57.Nxa6 Rxa5 58.Nc7 Qg1+
59.Kc2 Ra2+  0-1

[Event "6th OIBM"]
[Site "Bad Wiessee GER"]
[Date "2002.11.02"]
[Round "8"]
[White "Stoeber,M"]
[Black "Korobov,A"]
[Result "0-1"]
[WhiteElo "2296"]
[BlackElo "2503"]

1.e4 c5 2.Nf3 d6 3.Bb5+ Nd7 4.d4 cxd4 5.Qxd4 e5 6.Qd3 Be7 7.O-O Nf6 8.Nc3 O-O
9.Be3 Qc7 10.Rfe1 Nc5 11.Bxc5 Qxc5 12.Bc4 Bd7 13.Nd2 Rac8 14.Bb3 b5 15.a4 b4
16.Nd1 Nh5 17.g3 Kh8 18.Ne3 g6 19.Rad1 f5 20.Nd5 Bd8 21.Qc4 Bb6 22.Nxb6 Qxb6
23.Qe2 f4 24.Kg2 Qd8 25.Nf3 Qe7 26.Rd3 Rf6 27.Rf1 Rcf8 28.h3 fxg3 29.fxg3 Qe8
30.Qd2 Qc8 31.Rh1 a5 32.c3 Bc6 33.Re1 Qb7 34.Qe2 Ng7 35.Nd2 Qb6 36.Rf1 Rxf1
37.Nxf1 Bxe4+  0-1